000 00651nam a22002177a 4500
003 UA-OsUOA
001 42069
007 ta
008 20061024b un ||||| |||| 00| 0 ukr d
100 _aЗалізняк Л.Л.
090 _a902
_bЗ-11
942 _cSA
040 _aUA-OsUOA
_bukr
_cUA-OsUOA
_dUA-OsUOA
245 _aКультурно-історичні провінції території України у первісну добу
300 _aС.3-16
955 _a0
041 _aukr
080 _a902
773 0 _w42068
_tАрхеологія
_dК.
_d2006
_g3
650 7 _a9 Географія. Біографії. Історія
_2UDC
999 _c328201
_d328201